| 000 | 01134nmc a2200409 a 4500 | ||
|---|---|---|---|
| 003 | AR-BaBNM | ||
| 005 | 20251128211614.0 | ||
| 008 | 274120s2003 ||||||||||||||000 | spa|| | ||
| 020 | _a950-12-3812-1 | ||
| 040 | _cAR-BaBNM | ||
| 100 | 1 | _aKristeva, Julia | |
| 245 | 1 | 0 |
_aEl genio femenino _bla vida, la locura, las palabras. Colette _n3 |
| 246 | 1 | _aColette | |
| 250 | _a1ª ed. | ||
| 260 |
_aBuenos Aires _bPaidós _c2003 |
||
| 300 | 0 |
_a509 p. _bfot. |
|
| 490 | 0 |
_aGénero y cultura _vv. 12 |
|
| 500 | 0 | _aContiene listado de personajes p. 493 | |
| 500 | 0 | _aContiene índice de conceptos en p. 495 | |
| 500 | 0 | _aContiene índice de nombres y obras en p. 479 | |
| 504 | _aReferencias bibliográficas en p. 473 | ||
| 600 | 0 | 4 | _aColette |
| 650 | 4 | _aLITERATURA FRANCESA | |
| 650 | 4 | _aBIOGRAFIAS | |
| 650 | 4 | _aESCRITURA | |
| 650 | 4 | _aCREACION ARTISTICA | |
| 650 | 4 | _aDANZA | |
| 650 | 4 | _aTEATRO | |
| 650 | 4 | _aENSAYO | |
| 650 | 4 | _aCRITICA LITERARIA | |
| 655 | _aLITERATURA | ||
| 700 | 1 |
_aBixio, Alcira _etraductor |
|
| 800 | 1 | _aAmado, Ana | |
| 800 | 1 | _aDomínguez, Nora | |
| 942 | _cBK | ||
| 998 | _cEugenia | ||
| 999 |
_c20394 _d20394 |
||